000 00393nam a22001457a 4500
082 _a620.1
_bMER
_cL-5, P-22
100 _aMeriam j.l.
_913089
245 _aEngineering Mechanics
_bJ.k meriam
250 _a3rd ed.
260 _aNew york.
_bJohn wiley & sons,
_cc1993.
300 _a719 p.
_bill.
_c34 cm.
526 _a0
_b0
_c0
_d620_100000000000000_MER
650 _aMCE
_9379
942 _2ddc
_cBK
999 _c549585
_d549585